| 000 | 01022cam a22003014a 4500 | ||
|---|---|---|---|
| 942 | _cBK | ||
| 999 |
_c532 _d532 |
||
| 001 | 12700826 | ||
| 003 | OSt | ||
| 005 | 20250420134814.0 | ||
| 008 | 020312s2003 iaua b 001 0 eng | ||
| 010 | _a 2002024414 | ||
| 020 | _a9780071199629 | ||
| 040 |
_aDLC _cKCST |
||
| 042 | _apcc | ||
| 050 | 0 | 0 |
_aTK5105.585 _b.F67 2003 |
| 082 | 0 | 0 |
_a004.62 _221 _bFo Tc |
| 100 | 1 |
_aForouzan, Behrouz A. _91213 |
|
| 245 | 1 | 0 |
_aTCP/IP protocol suite / _cBehrouz A. Forouzan with Sophia Chung Fegan. |
| 250 | _a2nd ed. | ||
| 260 |
_aBoston : _bMcGraw-Hill, _cc2003. |
||
| 300 |
_axxxiv, 942 p. : _bill. (some col.) ; _c24 cm. |
||
| 440 | 0 |
_aMcGraw-Hill Forouzan networking series _91214 |
|
| 504 | _aIncludes bibliographical references (p. 907) and index. | ||
| 650 | 0 |
_aTCP/IP (Computer network protocol) _91291 |
|
| 856 | 4 | 2 |
_3Publisher description _uhttp://www.loc.gov/catdir/description/mh022/2002024414.html |
| 856 | 4 | 1 |
_3Table of contents _uhttp://www.loc.gov/catdir/toc/mh021/2002024414.html |
| 942 | _2ddc | ||